000 00572nam a2200193Ia 4500
003 GCL
008 140319s9999 xx 000 0 ara d
040 _aGCL /
_cGCL
082 0 4 _a414
_bع ن
100 1 _aعبدالحكيم راضى
245 1 0 _aنظرية اللغة فى النقد العربى /
_cعبدالحكيم راضى
260 _a[S.N] :
_bمكتبة الخانجى ،
_c1980
300 _a559 ص
490 _a
650 0 4 _aاللغة العربية
650 0 4 _aالبلاغة العربية
650 0 4 _aتاريخ ونقد
942 _2ddc
_cBK
999 _c36783
_d36783